Countries with the Most Rail Travel - Statistics

General Stats
  • This quiz has been taken 37,684 times
  • The average score is 16 of 20
Answer Stats
km country % Correct
1346 bil China
99%
130 bil Russia
98%
32.0 bil United States
98%
108 bil France
97%
98.0 bil Germany
97%
80.5 bil United Kingdom
97%
1161 bil India
96%
437 bil Japan
95%
28.4 bil Spain
94%
55.5 bil Italy
93%
21.0 bil Poland
86%
17.6 bil Australia
81%
90.0 bil South Korea
77%
28.7 bil Ukraine
74%
24.9 bil Pakistan
73%
18.9 bil Netherlands
69%
20.9 bil Switzerland
67%
40.8 bil Egypt
61%
19.1 bil Kazakhstan
44%
21.5 bil Taiwan
42%
No matching quizzes found
Score Distribution
Percent of People with Each Score
Percentile by Number Answered
Your Score History
You have not taken this quiz